000 00370nam a2200109Ia 4500
008 240731s9999 xx 000 0 und d
245 0 _aSIL Proceedings, 1922-2010 : Internationale Vereinigung für Theoretische und Angewandte Limnologie: Verhandlungen
260 _bTaylor & Francis
856 _uhttps://www.tandfonline.com/loi/tinw19
942 _2ddc
942 _cTFEJ
999 _c79291
_d79291
945 _a1
_bMadushi Gamage
_c1
_dMadushi Gamage